Statistics for NCAA Football Top 25

Click here to take the quiz!

General Stats

  • This quiz has been taken 100 times
  • The average score is 18 of 25

Answer Stats

RankRecord(last season)College% Correct
311-2Alabama
99%
512-2Georgia
96%
213-1Ohio State
94%
114-1Clemson
93%
159-4Michigan
89%
415-0LSU
87%
148-5Texas
87%
712-2Oklahoma
85%
911-2Florida
82%
612-2Oregon
80%
109-4Auburn
75%
811-2Penn State
75%
198-5USC
70%
138-5Texas A&M
67%
2410-3Iowa
64%
128-5Oklahoma State
64%
1111-2Notre Dame
63%
1610-4Wisconsin
57%
237-6Iowa State
55%
1811-2Minnesota
51%
2211-3Utah
50%
2111-3Cincinnati
45%
2010-3UCF
45%
177-6North Carolina
42%
258-5Arizona State
37%

Score Distribution

Percentile by Number Answered

Percent of People with Each Score

Your Score History

You have not taken this quiz